000 00456cam a22001337a 4500
008 180718b1947 xxu||||| |||| 00| 0 eng d
082 _aV43x5452 M267
100 _aWater-Supply and Drainage Committee
245 _aReport of the Water-Supply and Drainage Committee
_cWater-Supply and Drainage Committee,Tamilnadu
260 _aMadras
_bThe author
_c1947
300 _a115+p.
500 _aChairman: A. Kaleswara Rao
700 _aRao, A. Kaleswara (Chairman)
999 _c489850
_d489850